| 000 -CABECERA (24) |
| Campo de control interno |
02473nam a22002894a 4500 |
| 003 - IDENTIFICADOR DE CONTROL |
| Campo control |
BOLpUSFA |
| 005 - FECHA Y HORA DE CATALOGACION |
| Campo de control |
20260416151723.0 |
| 008 - ELEMENTOS DE LONGITUD FIJA - INFORMACIÓN GENERAL |
| Campo de control de longitud fija |
t bo grm 001 | spa|| |
| 040 ## - Origen de la Catalogacion |
| Origen de la Catalogacion |
BOLpUSFA |
| 041 ## - Código de idioma (R) |
| Código de lengua del texto/banda sonora o título independiente (R) |
spa |
| 044 ## - Código de país de la publicación |
| Codigo de pais MARC |
BO |
| 082 ## - Número de la Clasificación Decimal Dewey |
| Número de la Clasificación Decimal Dewey |
ADM0019 |
| Codigo Cutter |
H874e PG |
| 100 ## - Autor Personal |
| Autor Personal |
Huanca Burgos, Isabel Bautista |
| 245 ## - Titulo |
| Titulo |
Estudio de factibilidad para la creación de una Empresa Comercializadora de Calzado Brasilero para damas en el área urbana de Tupiza |
| 260 ## - Editorial |
| Ciudad |
Tupiza: |
| Nombre de la Editorial |
Universidad Privada San Francisco de Asís. Carrera de Administración de Empresas, |
| Fecha |
2025 |
| 300 ## - Descripcion |
| Extension |
367 p. |
| 502 ## - Nota de Tesis |
| Nota de Tesis |
Modalidad: Proyecto de Grado - <br/>Tutor: Lic. Mónica Roxana Maldonado Arana |
| 520 ## - Resumen |
| Resumen |
Este proyecto de estudio de factibilidad propone la creación de la empresa <br/>“Tacones de Brasil & Claris” en el municipio de Tupiza, orientada a la <br/>comercialización de calzados brasileros dirigidos al público femenino. A partir del <br/>análisis de mercado se identificó una demanda insatisfecha y la preferencia de <br/>las consumidoras por calzados de mayor calidad, variedad de diseños y precios <br/>accesibles, lo que evidencia una oportunidad competitiva frente a la oferta local <br/>existente. <br/><br/>El estudio técnico determinó la capacidad de instalación y los procesos <br/>operativos adecuados con las características que el segmento requiere de <br/>acuerdo a las encuestas, mientras que el análisis legal confirmó la viabilidad <br/>normativa del emprendimiento contando con todos los requisitos legales que <br/>como empresa debe cumplir. De igual manera, la estructura organizacional <br/>propuesta garantiza eficiencia administrativa con manuales y políticas de función <br/>en base a sus objetivos empresariales. El estudio financiero refleja indicadores <br/>favorables como un VAN positivo y una TIR superior a la tasa de descuento que <br/>demuestran la rentabilidad del negocio en distintos escenarios. En conclusión, la <br/>empresa se presenta como una alternativa innovadora, formal y confiable, capaz <br/>de satisfacer las necesidades del mercado local y proyectarse como un <br/>emprendimiento sostenible a mediano plazo y largo plazo. <br/> <br/> <br/> <br/> |
| 650 ## - Temas - Descriptores |
| Temas - Descriptores |
Administración de Empresas |
| 650 ## - Temas - Descriptores |
| Temas - Descriptores |
Proyecto de Grado |
| 650 ## - Temas - Descriptores |
| Temas - Descriptores |
Estudio de factibilidad |
| 650 ## - Temas - Descriptores |
| Temas - Descriptores |
Empresa calzados |
| 650 ## - Temas - Descriptores |
| Temas - Descriptores |
Comercialización |
| 651 ## - Punto de acceso adicional de materia - Nombre geográfico (R) |
| Nombre geográfico (NR) |
Potosí |
| 651 ## - Punto de acceso adicional de materia - Nombre geográfico (R) |
| Nombre geográfico (NR) |
Tupiza |
| 942 ## - ELEMENTOS DE KOHA |
| Esquema de Clasificaci |
|
| Tipo de Documento |
Tesis |
| Catalogador |
LLO |